Fiber optics : (Record no. 181110)

000 -LEADER
fixed length control field 00966 a2200193 4500
003 - CONTROL NUMBER IDENTIFIER
control field Nust
005 - DATE AND TIME OF LATEST TRANSACTION
control field 20221117092439.0
020 ## - INTERNATIONAL STANDARD BOOK NUMBER
International Standard Book Number 0029465494
040 ## - CATALOGING SOURCE
Transcribing agency Nust
082 ## - DEWEY DECIMAL CLASSIFICATION NUMBER
Classification number 621.3692,ZAN
100 1# - MAIN ENTRY--PERSONAL NAME
Personal name Zanger, Henry
9 (RLIN) 102752
245 ## - TITLE STATEMENT
Title Fiber optics :
Remainder of title communication and other applications /
Statement of responsibility, etc. Zanger Henry & Cynthia Zanger
260 ## - PUBLICATION, DISTRIBUTION, ETC.
Place of publication, distribution, etc. Macmillan
Name of publisher, distributor, etc. New York
Date of publication, distribution, etc. 1991
300 ## - PHYSICAL DESCRIPTION
Extent 326 p.
505 ## - FORMATTED CONTENTS NOTE
Formatted contents note Introduction to Fiber Optics (Page-1), Physics of Light (Page-11), Principles of Fiber Optics (Page-41), Fiber Characteristics (Page-55), Optical Fibers (Page-71), Principles of Fiber Optic Communication (Page-87), Modulation and Multiplexing (Page-105), Fiber Optic Components (Page-123), Optical Sources for Communication (Page-169), Optical Detectors (Page-217), Fiber Optic Communication System (Page-247), Applications (Page-281).
650 ## - SUBJECT ADDED ENTRY--TOPICAL TERM
Topical term or geographic name entry element Fiber optics communication and other application
9 (RLIN) 102753
700 ## - ADDED ENTRY--PERSONAL NAME
Relator code Zanger, Cynthia
942 ## - ADDED ENTRY ELEMENTS (KOHA)
Source of classification or shelving scheme
Koha item type Book
Holdings
Withdrawn status Lost status Source of classification or shelving scheme Damaged status Not for loan Permanent Location Current Location Shelving location Date acquired Full call number Barcode Date last seen Price effective from Koha item type Public note
          Military College of Signals (MCS) Military College of Signals (MCS) General Stacks 12/12/2016 621.3692,ZAN MCS22558 12/08/2016 12/12/2016 Book Almirah No.30, Shelf No.4
© 2023 Central Library, National University of Sciences and Technology. All Rights Reserved.